A gazdaságélénkítő programról Nyárasdon

Bibliographic Details
Main Author: Nagy, Erika, 1961- (Author)
Format: Article
Language:Hungarian
Slovak
PhysicalDescription:Fotogr.
ISSN:1336-3638
Subjects:

MARC

LEADER 00000nab a2200000 a 4500
001 vtls011714145
003 SK-MaSNL
005 20260319070905.0
008 171006|2017 xo w| 000 0|hun
015 |a SNBRB2017/10 
038 |a DSZK 
040 |a DSZK  |b slo  |c DSZK  |e AACR2 
041 |a hun  |a slo 
044 |a xo  |c SK 
080 |a 328.1  |x (439)  |2 2011 
100 1 |a Nagy, Erika,  |d 1961-  |4 aut  |9 274133 
245 1 0 |a A gazdaságélénkítő programról Nyárasdon  |c Nagy Erika 
300 |b Fotogr. 
610 1 7 |a Maďarsko.  |b Parlament.  |b Komisia národnej spolupatričnosti  |2 dszk  |9 1088894 
650 0 7 |a delegácia  |2 dszk  |9 1088895 
650 0 7 |a návštevy  |2 dszk  |9 726269 
651 7 |a Topoľníky (Slovensko)  |2 SNKPH  |9 26166 
773 0 |t Csallóköz=Žitný ostrov  |g Évf. 57, sz. 40 (2017), o. 5  |x 1336-3638 
852 |a DSZK  |b KIS3GCP 
856 |a http://www.csallokoz.sk 
958 |a SK 
958 |a HU 
999 |c 1790021  |d 1791951